| 000 | 02135cam a2200349 a 4500 | ||
|---|---|---|---|
| 999 |
_c129152 _d129152 |
||
| 001 | 14609815 | ||
| 003 | ARRUPE | ||
| 005 | 20190307103415.0 | ||
| 008 | 061025s2006 dcua b i000 0 eng d | ||
| 010 | _a 2006299281 | ||
| 020 | _a1589065654 | ||
| 020 | _a9781589065659 | ||
| 035 | _a(OCoLC)ocm71790183 | ||
| 040 |
_aDJB _cDJB _dDLC |
||
| 042 | _alccopycat | ||
| 043 | _afb----- | ||
| 050 | 0 | 0 |
_aHG187.5.A357 _bG85 2006 |
| 100 | 1 |
_aGulde, Anne-Marie. _941026 |
|
| 245 | 1 | 0 |
_aSub-Saharan Africa : _bfinancial sector challenges / _cAnne-Marie Gulde, Catherine Pattillo, and Jakob Christensen, with Kevin Carey and Smita Wagh. |
| 260 |
_a[Washington, D.C.] : _bInternational Monetary Fund, _cc2006. |
||
| 300 |
_avii, 49 p. : _bill. ; _c28 cm. |
||
| 504 | _aIncludes bibliographical references (p. 47-49). | ||
| 520 | 3 | _aFinancial sectors in low-income sub-Saharan Africa (SSA) are among the world's least developed. In fact, assets in most low-income African countries are smaller than those held by a single medium-sized bank in an industrial country. The absence of deep, efficient financial markets seriously challenges policy making, hinders poverty alleviation, and constrains growth. This book argues that building efficient and sound financial sectors in SSA countries will improve Africa's economic prospects. Based on a review of the key features of financial systems, it discusses the main obstacles and challenges that financial structures pose for SSA economies and recommends steps that could address major shortcomings in implementing the reform agenda. | |
| 650 | 0 |
_aFinance _zAfrica, Sub-Saharan. _945066 |
|
| 650 | 0 |
_aFinancial institutions _zAfrica, Sub-Saharan. _945067 |
|
| 650 | 0 |
_aFinancial services industry _zAfrica, Sub-Saharan. _945068 |
|
| 650 | 0 |
_aMonetary policy _zAfrica, Sub-Saharan. _945069 |
|
| 700 | 1 |
_aPattillo, Catherine A. _q(Catherine Anne) _945070 |
|
| 700 | 1 |
_aChristensen, Jakob. _945071 |
|
| 710 | 2 |
_aInternational Monetary Fund. _926656 |
|
| 906 |
_a7 _bcbc _ccopycat _d2 _encip _f20 _gy-gencatlg |
||
| 942 |
_2lcc _cMONOGRAPH |
||